| 000 | 00857cam a22002655a 4500 | ||
|---|---|---|---|
| 001 | 3527519 | ||
| 005 | 20201128024234.0 | ||
| 008 | 961204t1997 nyua frb 001 0 eng d | ||
| 020 | _a0256138990 | ||
| 020 | _a9780256138993 | ||
| 040 |
_aDLC _cDLC _dDLC _dEG-ScBUE _beng |
||
| 082 | 0 | 4 |
_a658.5 _222 _bVOL |
| 100 | 1 | _aVollmann, Thomas E. | |
| 245 | 1 | 0 |
_aManufacturing planning and control systems / _cThomas E. Vollmann, William L. Berry, D. Clay Whybark. |
| 250 | _a4th ed. | ||
| 260 |
_aNew York : _bIrwin / McGraw-Hill, _cc.1997. |
||
| 300 |
_axxv, 836 p. : _bill. ; _c25 cm. |
||
| 504 | _aIncludes bibliographical references and index. | ||
| 650 | 7 |
_aProduction planning. _2BUEsh _92006 |
|
| 650 | 7 |
_aProduction control. _2BUEsh _940100 |
|
| 653 |
_bGGEN _cFebruary2018 |
||
| 700 | 1 | _aBerry, William L. | |
| 700 | 1 | _aWhybark, D. Clay. | |
| 942 | _2ddc | ||
| 999 |
_c26081 _d26053 |
||